[Event "London Classic Open 2017"]
[Site "London ENG"]
[Date "2017.12.02"]
[Round "1.51"]
[White "Nelson, Omowale"]
[Black "Van Delft, Merijn"]
[Result "1/2-1/2"]
[BlackTitle "IM"]
[WhiteElo "1949"]
[BlackElo "2393"]
[WhiteFideId "7400209"]
[BlackFideId "1004670"]
[EventDate "2017.12.02"]

1. d4 d5 2. c4 c6 3. Nf3 Nf6 4. Nbd2 Bf5 5. g3 e6 6. Bg2 h6 7. O-O Be7 8. b3 O-O
9. Bb2 a5 10. Re1 a4 11. Ne5 Qa5 12. e4 Bh7 13. a3 axb3 14. Nxb3 Qd8 15. exd5
cxd5 16. Rc1 Ra7 17. Re3 dxc4 18. Nxc4 b5 19. Ne5 Bxa3 20. Ra1 Qe7 21. Bxa3 Rxa3
22. Nc5 Rxe3 23. fxe3 Ne8 24. Qb3 Nd6 25. Ra8 h5 26. Qa3 Nf5 27. Kf2 h4 28. Ra7
hxg3+ 29. hxg3 Qd6 30. Ncd3 f6 31. Qxd6 Nxd6 32. Nd7 Nxd7 33. Rxd7 Bxd3 34. Rxd6
Rb8 35. Rxe6 b4 36. Bd5 Kf8 37. Bb3 f5 38. Kf3 g5 39. g4 Be4+ 40. Kg3 Kg7 41. d5
Rc8 42. gxf5 Bxf5 43. Rb6 Rc3 44. Rxb4 Rxe3+ 45. Kf2 Rc3 46. Bd1 Kf6 47. Bf3 Ke5
48. Ra4 Rb3 49. Rc4 Rb2+ 50. Ke3 Rb3+ 51. Kf2 Rb2+ 1/2-1/2

[Event "London Classic Open 2017"]
[Site "London ENG"]
[Date "2017.12.02"]
[Round "1.52"]
[White "Milliet, Sophie"]
[Black "Frank, Tena"]
[Result "1-0"]
[WhiteTitle "IM"]
[BlackTitle "WFM"]
[WhiteElo "2392"]
[BlackElo "1944"]
[WhiteFideId "623725"]
[BlackFideId "4624297"]
[EventDate "2017.12.02"]

1. e4 c5 2. Nf3 e6 3. b3 Nf6 4. e5 Nd5 5. c4 Ne7 6. Nc3 d6 7. d4 cxd4 8. Qxd4
Nbc6 9. Qxd6 Qa5 10. Bd2 Nf5 11. Nb5 Nxd6 12. Nxd6+ Bxd6 13. Bxa5 Nxe5 14. O-O-O
Ba3+ 15. Kb1 Nc6 16. Bc3 f6 17. Bd3 O-O 18. Be4 a5 19. Nd4 Nxd4 20. Rxd4 Bc5 21.
Rd2 Ra7 22. Rhd1 b6 23. Kb2 Re7 24. a3 Bb7 25. Bxb7 Rxb7 26. b4 axb4 27. axb4
Be7 28. Rd7 Rfb8 29. Kb3 Kf8 30. Rxb7 Rxb7 31. Ka4 e5 32. Kb5 Ke8 33. Kc6 Rb8
34. Kc7 Rd8 35. Rxd8+ Bxd8+ 36. Kc6 Ke7 37. Bd2 e4 38. Be3 f5 39. g3 h6 40. Bxb6
Bxb6 41. Kxb6 g5 42. Kc5 h5 43. Kd4 Kf6 44. b5 1-0

[Event "London Classic Open 2017"]
[Site "London ENG"]
[Date "2017.12.02"]
[Round "1.53"]
[White "Khalifa, Ramy"]
[Black "Sai Agni Jeevitesh, J"]
[Result "0-1"]
[BlackTitle "FM"]
[WhiteElo "1939"]
[BlackElo "2384"]
[WhiteFideId "10626840"]
[BlackFideId "5070147"]
[EventDate "2017.12.02"]

1. e4 e6 2. d4 d5 3. Nc3 Bb4 4. e5 c5 5. Bd2 Ne7 6. a3 Bxc3 7. bxc3 Nbc6 8. Qg4
Qb6 9. Nf3 Qb2 10. Rc1 Kf8 11. Bd3 c4 12. Be2 Qxa3 13. O-O Qb2 14. Rfd1 Nf5 15.
Ne1 Qb6 16. Qh3 Kg8 17. g4 Nfe7 18. Ng2 Ng6 19. f4 Nce7 20. Rf1 h5 21. gxh5 Nf5
22. Bg4 Nge7 23. Bxf5 exf5 24. Qf3 Qh6 25. Qg3 Qxh5 26. Rf3 a5 27. h4 Ra6 28.
Kf1 a4 29. Ra1 Rhh6 30. Bc1 Ng6 31. Qf2 Nxh4 32. Rh3 Qd1+ 33. Ne1 Ng6 34. Rxh6
gxh6 35. Bb2 Qg4 36. Nf3 Nxf4 37. Bc1 Nh3 38. Qg2 Rg6 39. Qxg4 fxg4 40. Nh4 Rb6
41. Kg2 Bd7 42. Kg3 f5 43. Ng2 Ng5 44. Bxg5 hxg5 0-1

[Event "London Classic Open 2017"]
[Site "London ENG"]
[Date "2017.12.02"]
[Round "1.54"]
[White "Zujev, Oleg"]
[Black "Sellmair, Reinhard"]
[Result "1/2-1/2"]
[WhiteElo "2381"]
[BlackElo "1936"]
[WhiteFideId "12801585"]
[BlackFideId "12946990"]
[EventDate "2017.12.02"]

1. d4 d5 2. c4 e6 3. Nc3 c5 4. cxd5 exd5 5. Nf3 Nc6 6. dxc5 d4 7. Na4 Bxc5 8.
Nxc5 Qa5+ 9. Bd2 Qxc5 10. Rc1 Qb6 11. e3 Be6 12. Nxd4 Nxd4 13. exd4 Ne7 14. Qa4+
Nc6 15. Bb5 O-O 16. Be3 Bd5 17. O-O Rfd8 18. Bc4 Ne7 19. Bxd5 Nxd5 20. Qb3 Qxb3
21. axb3 f6 22. Rc5 Rd6 23. Ra1 Kf7 24. Bd2 Ke6 25. Re1+ Kf7 26. Kf1 Rad8 27. g3
R8d7 28. b4 Ne7 29. Bc3 Nc6 30. Rd1 Ke6 31. Re1+ Kf7 32. Re4 g6 33. b5 Nd8 34.
Rc8 Re6 35. f3 f5 36. Re5 Red6 37. Ra8 b6 38. d5 h6 39. g4 fxg4 40. fxg4 Rxd5
41. Rxd5 Rxd5 42. Rxa7+ Ke8 43. Rg7 Rd6 44. Kf2 Re6 45. Bd4 Nf7 46. Rg8+ Kd7 47.
Be3 h5 48. gxh5 gxh5 49. Rb8 Rf6+ 50. Kg3 Kc7 51. Rxb6 Rxb6 52. Bxb6+ Kxb6 53.
Kh4 Ne5 54. Kxh5 Nf3 55. h3 Ng1 56. Kg4 Nxh3 1/2-1/2

[Event "London Classic Open 2017"]
[Site "London ENG"]
[Date "2017.12.02"]
[Round "1.55"]
[White "Vachtfeidl, Petr"]
[Black "Vo, Thi Kim Phung"]
[Result "0-1"]
[BlackTitle "WGM"]
[WhiteElo "1934"]
[BlackElo "2380"]
[WhiteFideId "315028"]
[BlackFideId "12401838"]
[EventDate "2017.12.02"]

1. d4 e6 2. c4 Nf6 3. Nc3 Bb4 4. e3 b6 5. Ne2 Bb7 6. a3 Be7 7. Nf4 d6 8. d5 e5
9. Nh5 Nxh5 10. Qxh5 g6 11. Qh6 Bf8 12. Qh3 Bc8 13. Qf3 a5 14. b3 Bg7 15. e4 Nd7
16. Bd3 O-O 17. Rb1 f5 18. Qe2 f4 19. f3 Nf6 20. b4 axb4 21. axb4 Rf7 22. Qf2
Bf8 23. Nb5 g5 24. h3 Nh5 25. Bb2 Ng3 26. Rg1 Be7 27. Qc2 h5 28. Ra1 Rxa1+ 29.
Bxa1 g4 30. hxg4 hxg4 31. Na7 Bd7 32. Nc6 Qa8 33. Qb2 Bxc6 34. dxc6 Qxc6 35. c5
bxc5 36. Bc4 cxb4 37. Bxf7+ Kxf7 38. Kd2 Qc4 39. Re1 Nf1+ 40. Kd1 Ne3+ 41. Kd2
Nxg2 42. Rc1 Qe6 43. Rxc7 gxf3 44. Qxb4 Ne3 45. Qb7 f2 0-1

[Event "London Classic Open 2017"]
[Site "London ENG"]
[Date "2017.12.02"]
[Round "1.56"]
[White "Bates, Richard A"]
[Black "Iraqui, Youssef"]
[Result "1-0"]
[WhiteTitle "IM"]
[WhiteElo "2378"]
[BlackElo "1932"]
[WhiteFideId "403555"]
[BlackFideId "9000666"]
[EventDate "2017.12.02"]

1. d4 f5 2. g3 Nf6 3. Bg2 g6 4. Nh3 Bg7 5. c3 e6 6. Nf4 d5 7. h4 Qe7 8. Nd2 Nbd7
9. Nf3 Ne4 10. a4 a5 11. Nd3 b6 12. Bf4 c5 13. Nde5 Nxe5 14. Nxe5 cxd4 15. cxd4
Qb4+ 16. Kf1 Ba6 17. f3 Qxb2 18. fxe4 Bxe2+ 19. Qxe2 Qxa1+ 20. Qe1 Qxe1+ 21.
Kxe1 dxe4 22. Bf1 O-O 23. Bc4 Rfe8 24. h5 Bxe5 25. Bxe5 g5 26. Kd2 Rac8 27. Ba6
Ra8 28. Bb5 Rf8 29. Rc1 Rac8 30. Rxc8 Rxc8 31. Bd7 Rf8 32. Bxe6+ Rf7 33. Bc7 Kf8
34. Bxf7 Kxf7 35. Bxb6 Ke6 36. Ke3 1-0

[Event "London Classic Open 2017"]
[Site "London ENG"]
[Date "2017.12.02"]
[Round "1.57"]
[White "Shepherd, Katherine M"]
[Black "Gourlay, Iain"]
[Result "0-1"]
[BlackTitle "FM"]
[WhiteElo "1929"]
[BlackElo "2378"]
[WhiteFideId "412031"]
[BlackFideId "2401533"]
[EventDate "2017.12.02"]

1. d4 d5 2. Nf3 Nf6 3. c4 e6 4. e3 Be7 5. b3 O-O 6. Bd3 c5 7. O-O Nc6 8. Nc3
cxd4 9. exd4 b6 10. Bg5 dxc4 11. Bxc4 Bb7 12. Qd2 Rc8 13. Rfe1 Na5 14. Ne5 Nxc4
15. bxc4 Nd7 16. Bxe7 Qxe7 17. d5 Nxe5 18. Rxe5 Qf6 19. Rae1 Rxc4 20. dxe6 fxe6
21. Nd1 Rg4 22. Ne3 Qf3 0-1

[Event "London Classic Open 2017"]
[Site "London ENG"]
[Date "2017.12.02"]
[Round "1.58"]
[White "Gumularz, Szymon"]
[Black "Everett, Joe"]
[Result "1-0"]
[WhiteTitle "FM"]
[WhiteElo "2376"]
[BlackElo "1922"]
[WhiteFideId "1188062"]
[BlackFideId "443204"]
[EventDate "2017.12.02"]

1. e4 c5 2. Ne2 d6 3. g3 g6 4. c3 e5 5. d4 Nc6 6. Bg2 Bg7 7. dxc5 dxc5 8. Qxd8+
Nxd8 9. Be3 b6 10. a4 Nc6 11. Na3 Ba6 12. Nb5 Bxb5 13. axb5 Na5 14. Ra4 c4 15.
O-O Nf6 16. f3 O-O 17. Rfa1 Rfd8 18. Kf2 Bf8 19. Bh3 Ne8 20. Nc1 Nc7 21. Bf1
Nxb5 22. Rxa5 bxa5 23. Bxc4 Rab8 24. Rxa5 Nc7 25. b4 a6 26. Rxe5 Nb5 27. Bxb5
Rxb5 28. Rxb5 axb5 29. Ne2 Bg7 30. Bd4 Rc8 31. Ke3 Bxd4+ 32. Kxd4 Kf8 33. Kd3
Ke8 34. Nd4 Rb8 35. e5 Kd7 36. Ke4 Kc7 37. Kd5 Kb6 38. Kd6 Rb7 39. f4 h5 40. h3
Rc7 41. Ne2 Rc6+ 42. Ke7 Rc7+ 43. Kf6 Kb7 44. g4 hxg4 45. hxg4 Kc8 46. Nd4 Rxc3
47. Nxb5 Rf3 48. Nd6+ Kd7 49. f5 gxf5 50. gxf5 Rb3 51. Nxf7 Rxb4 52. e6+ Kc7 53.
e7 1-0

[Event "London Classic Open 2017"]
[Site "London ENG"]
[Date "2017.12.02"]
[Round "1.59"]
[White "De Coverly, Roger D"]
[Black "Krishna Teja, N"]
[Result "1-0"]
[BlackTitle "IM"]
[WhiteElo "1921"]
[BlackElo "2368"]
[WhiteFideId "405213"]
[BlackFideId "5001498"]
[EventDate "2017.12.02"]

1. e4 c5 2. Nf3 e6 3. d3 Nc6 4. g3 g6 5. Bg2 Bg7 6. O-O Nf6 7. Re1 d5 8. Nbd2
O-O 9. c3 Re8 10. e5 Nd7 11. d4 f6 12. exf6 Qxf6 13. Nb3 c4 14. Bg5 Qf5 15. Nc1
h6 16. Be3 g5 17. Ne2 Rf8 18. h4 g4 19. Nh2 Nf6 20. Nf4 Bd7 21. b3 Na5 22. bxc4
dxc4 23. Qb1 Kf7 24. Nf1 Rab8 25. Bd2 Qxb1 26. Raxb1 Rfe8 27. h5 Bc6 28. Ng6
Bxg2 29. Ne5+ Kg8 30. Kxg2 Rbd8 31. Nh2 b6 32. Nhxg4 Nxg4 33. Nxg4 Kh7 34. Bf4
Rd5 35. Be5 Nc6 36. f4 Ra5 37. Re2 Bxe5 38. fxe5 Rf8 39. Nf6+ Kg7 40. Rf1 Ra3
41. Rc2 Ne7 42. g4 b5 43. Rf3 a5 44. Rg3 Kh8 45. Nd7 Rg8 46. Nc5 Nd5 47. Kh3 Re8
48. Ne4 Nf4+ 49. Kh4 Nd3 50. g5 hxg5+ 51. Rxg5 Rf8 52. Nf6 Ne1 53. Rf2 Rxc3 54.
Rg6 Rxf6 55. Rgxf6 1-0

[Event "London Classic Open 2017"]
[Site "London ENG"]
[Date "2017.12.02"]
[Round "1.60"]
[White "Sowray, Peter J"]
[Black "McKerracher, Douglas"]
[Result "1-0"]
[WhiteTitle "FM"]
[WhiteElo "2357"]
[BlackElo "1915"]
[WhiteFideId "400971"]
[BlackFideId "2401002"]
[EventDate "2017.12.02"]

1. c4 f5 2. Nf3 Nf6 3. e3 e6 4. b3 d5 5. Be2 Bd6 6. Ba3 c6 7. Bxd6 Qxd6 8. Nc3
O-O 9. O-O Nbd7 10. Qc2 Ne4 11. Rac1 Ndf6 12. d3 Nxc3 13. Qxc3 Bd7 14. Qe5 Qxe5
15. Nxe5 Be8 16. d4 Nd7 17. Nd3 g5 18. b4 dxc4 19. Rxc4 a6 20. Rc3 Kg7 21. Rb1
Kf6 22. Nc5 Rb8 23. Bc4 Nxc5 24. bxc5 Bd7 25. Rcb3 1-0

[Event "London Classic Open 2017"]
[Site "London ENG"]
[Date "2017.12.02"]
[Round "1.61"]
[White "Phillips, Owen S"]
[Black "Beinoras, Mindaugas"]
[Result "0-1"]
[BlackTitle "IM"]
[WhiteElo "1912"]
[BlackElo "2353"]
[WhiteFideId "417882"]
[BlackFideId "12802085"]
[EventDate "2017.12.02"]

1. c4 e5 2. Nc3 Nf6 3. g3 d5 4. cxd5 Nxd5 5. Bg2 Nb6 6. Nf3 Nc6 7. O-O Be7 8. d3
Be6 9. a3 O-O 10. b4 a5 11. b5 Nd4 12. Nxd4 exd4 13. Na4 Bd5 14. Nxb6 cxb6 15.
Bxd5 Qxd5 16. a4 h5 17. e4 dxe3 18. fxe3 Bf6 19. Rxf6 gxf6 20. Bb2 Rfe8 21. Bd4
Re6 22. Qf1 Rc8 23. Qf2 Qg5 24. Rf1 h4 25. g4 Rce8 26. e4 Rd8 27. Bxf6 Qxg4+ 28.
Kh1 Rxd3 29. e5 Rd1 30. Rxd1 Qxd1+ 31. Kg2 Qg4+ 32. Kf1 Re8 33. Qd2 Rc8 34. Qh6
Qd1+ 0-1

[Event "London Classic Open 2017"]
[Site "London ENG"]
[Date "2017.12.02"]
[Round "1.62"]
[White "Arakhamia-Grant, Ketevan"]
[Black "Obiamiwe, Paul"]
[Result "1-0"]
[WhiteTitle "GM"]
[WhiteElo "2350"]
[BlackElo "1910"]
[WhiteFideId "13600168"]
[BlackFideId "8500215"]
[EventDate "2017.12.02"]

1. e4 e5 2. Nf3 Nc6 3. Bb5 a6 4. Ba4 Nf6 5. O-O Be7 6. Re1 b5 7. Bb3 d6 8. c3
O-O 9. h3 Bb7 10. d3 Na5 11. Bc2 c5 12. Nbd2 Re8 13. Nf1 Bf8 14. Ng3 g6 15. Bg5
h6 16. Bd2 Nc6 17. Qc1 Kh7 18. Bb3 Qc7 19. h4 Na5 20. Bd1 c4 21. b4 cxb3 22.
axb3 Nc6 23. d4 d5 24. exd5 Nxd5 25. c4 Nf4 26. Bxf4 exf4 27. Ne4 Bg7 28. d5 Nd4
29. Rb1 Rac8 30. Nxd4 Bxd4 31. Bf3 Bxd5 32. cxd5 Qxc1 33. Rbxc1 f5 34. Nd6 Rxe1+
35. Rxe1 Rc2 36. Re7+ Kg8 37. Re8+ Kg7 38. Re7+ Kg8 39. Re2 Rc1+ 40. Kh2 Rf1 41.
g3 fxg3+ 42. Kxg3 Rg1+ 43. Kf4 Kg7 44. h5 g5+ 45. Kxf5 Rb1 46. Re7+ Kf8 47. Rf7+
Kg8 48. Kg6 Rxb3 49. Nf5 Bc5 50. Nxh6+ 1-0

[Event "London Classic Open 2017"]
[Site "London ENG"]
[Date "2017.12.02"]
[Round "1.63"]
[White "Tobianski, Fabian"]
[Black "Stauskas, Lukas"]
[Result "1/2-1/2"]
[WhiteElo "1909"]
[BlackElo "2349"]
[WhiteFideId "12952001"]
[BlackFideId "12808148"]
[EventDate "2017.12.02"]

1. c4 e5 2. g3 Nf6 3. Bg2 d5 4. cxd5 Nxd5 5. Nc3 Nb6 6. Nf3 Nc6 7. O-O Be7 8. a3
O-O 9. b4 Be6 10. d3 Nd4 11. Be3 Nxf3+ 12. Bxf3 c6 13. Ne4 Bd5 14. Rc1 Nd7 15.
Bg2 a5 16. Nc5 axb4 17. axb4 Nxc5 18. Bxc5 Bxg2 19. Kxg2 Bxc5 20. Rxc5 Qe7 21.
Qb3 Rfd8 22. Qc3 f6 23. Rc1 Ra2 24. b5 Rxe2 25. bxc6 bxc6 26. Rxc6 Qa7 27. Qc4+
Kh8 28. d4 Rd2 29. Qc5 Qa8 30. dxe5 fxe5 31. Kg1 Rd1+ 32. Rxd1 Rxd1+ 33. Kg2 Rd8
34. Kf1 Qb7 35. Qc2 h6 36. Qe4 Qd7 37. Kg2 1/2-1/2

[Event "London Classic Open 2017"]
[Site "London ENG"]
[Date "2017.12.02"]
[Round "1.64"]
[White "Quillan, Gary"]
[Black "Damianou, Ioannis"]
[Result "1-0"]
[WhiteTitle "IM"]
[WhiteElo "2344"]
[BlackElo "1907"]
[WhiteFideId "401153"]
[BlackFideId "5902355"]
[EventDate "2017.12.02"]

1. e4 e5 2. Nf3 Nc6 3. Bb5 a6 4. Ba4 Nf6 5. O-O Nxe4 6. d4 b5 7. Bb3 d5 8. dxe5
Be6 9. Nbd2 Nc5 10. c3 Bg4 11. Bc2 Ne6 12. Re1 Bc5 13. Nf1 Ne7 14. Ng3 O-O 15.
Qd3 Ng6 16. h3 Bxf3 17. Qxf3 c6 18. Bd2 Qd7 19. Qg4 Rae8 20. h4 f6 21. exf6 Rxf6
22. Nf5 Qf7 23. Be3 Rf8 24. Bxc5 Nxc5 25. h5 Rxf5 26. Bxf5 Ne7 27. Be6 Nxe6 28.
Qxe6 Qxe6 29. Rxe6 Kf7 30. Rae1 Re8 31. f4 1-0

[Event "London Classic Open 2017"]
[Site "London ENG"]
[Date "2017.12.02"]
[Round "1.65"]
[White "Marcos Herrero, Francisco"]
[Black "Fenil, Shah"]
[Result "0-1"]
[BlackTitle "FM"]
[WhiteElo "1897"]
[BlackElo "2324"]
[WhiteFideId "2279045"]
[BlackFideId "5019850"]
[EventDate "2017.12.02"]

1. Nf3 d5 2. c4 c6 3. b3 Nf6 4. g3 Bg4 5. Bg2 Nbd7 6. Bb2 e6 7. O-O Bd6 8. d4
O-O 9. Nc3 Qe7 10. Re1 Rfd8 11. e4 dxe4 12. Nxe4 Bb4 13. Ned2 Nc5 14. Qe2 Qf8
15. Red1 Ncd7 16. h3 Bh5 17. g4 Bg6 18. Nh4 Bd6 19. Nxg6 hxg6 20. Nf3 Bc7 21.
Rac1 Bf4 22. Rc3 a5 23. Rcd3 a4 24. Ne5 axb3 25. axb3 Ra2 26. Qc2 Nxe5 27. dxe5
Rxd3 28. Rxd3 Bxe5 29. Qd1 Bxb2 0-1

[Event "London Classic Open 2017"]
[Site "London ENG"]
[Date "2017.12.02"]
[Round "1.66"]
[White "Radovanovic, Jovica"]
[Black "Foster, Timothy"]
[Result "1-0"]
[WhiteTitle "FM"]
[WhiteElo "2320"]
[BlackElo "1893"]
[WhiteFideId "915912"]
[BlackFideId "423769"]
[EventDate "2017.12.02"]

1. d4 Nf6 2. Nf3 g6 3. c4 Bg7 4. Nc3 O-O 5. e4 d6 6. Be2 Na6 7. Bf4 Nh5 8. Be3
e5 9. Qd2 f5 10. exf5 Bxf5 11. O-O Bg4 12. Ng5 Bxe2 13. Nxe2 Re8 14. d5 Bh6 15.
Nc3 Nf4 16. Bxf4 exf4 17. Ne6 Qh4 18. Ne4 f3 19. Qd4 Rxe6 20. dxe6 Bf4 21. Nf6+
Kf8 22. e7+ Kf7 23. g3 Bxg3 24. Qd5+ Kxf6 25. fxg3 Qh6 26. Rae1 1-0

[Event "London Classic Open 2017"]
[Site "London ENG"]
[Date "2017.12.02"]
[Round "1.67"]
[White "Neatherway, A Philip"]
[Black "Paterek, Michal"]
[Result "0-1"]
[BlackTitle "FM"]
[WhiteElo "1806"]
[BlackElo "2315"]
[WhiteFideId "418854"]
[BlackFideId "1116142"]
[EventDate "2017.12.02"]

1. b3 Nf6 2. Bb2 e6 3. e3 Be7 4. Nf3 c5 5. g3 b6 6. Bg2 Bb7 7. O-O O-O 8. c4 d6
9. Nc3 Nbd7 10. d4 a6 11. Qe2 Rc8 12. Rfd1 Rc7 13. Rac1 Qa8 14. Ne1 Bxg2 15.
Nxg2 cxd4 16. exd4 Re8 17. Ne3 Bf8 18. Qf1 g6 19. Qg2 Qb8 20. a4 Bh6 21. f4 Rcc8
22. Qf3 Bg7 23. Kg2 h5 24. h3 Qc7 25. g4 Nb8 26. f5 Nc6 27. Ncd5 Qd8 28. Nxf6+
Qxf6 29. fxg6 Qxg6 30. Qg3 hxg4 31. Qxg4 Qxg4+ 32. hxg4 Bh6 33. Rc3 Ne7 34. Rcd3
d5 35. c5 bxc5 36. dxc5 Rxc5 37. Rh1 Bg7 38. Bxg7 Kxg7 39. b4 Rc7 40. b5 axb5
41. axb5 Rb8 42. Rb1 Rb6 43. Kg3 Rc5 44. Kf4 Ng6+ 0-1

[Event "London Classic Open 2017"]
[Site "London ENG"]
[Date "2017.12.02"]
[Round "1.68"]
[White "Jackson, James P"]
[Black "Cole, James"]
[Result "1-0"]
[WhiteTitle "FM"]
[WhiteElo "2314"]
[BlackElo "1886"]
[WhiteFideId "416860"]
[BlackFideId "431818"]
[EventDate "2017.12.02"]

1. e4 c6 2. d4 d5 3. e5 Bf5 4. Nf3 e6 5. Be2 c5 6. O-O Nc6 7. Be3 cxd4 8. Nxd4
Nge7 9. f4 Nxd4 10. Bxd4 Nc6 11. Bf2 Be7 12. Nd2 O-O 13. Nb3 Qc7 14. c3 f6 15.
exf6 Bxf6 16. Bd3 Bxd3 17. Qxd3 Rad8 18. Qh3 Rfe8 19. Nc5 Rd6 20. Rae1 Nd8 21.
Nb3 e5 22. fxe5 Bxe5 23. Qh5 Rde6 24. Nc5 R6e7 25. Nd3 g6 26. Qh4 Bg7 27. Rxe7
Qxe7 28. Qxe7 Rxe7 29. Bxa7 Nc6 30. Bb6 Re2 31. Rf2 Re4 32. Kf1 d4 33. c4 Ne5
34. Re2 Rxe2 35. Kxe2 Nxc4 36. Bc7 Nxb2 37. Nxb2 1-0

[Event "London Classic Open 2017"]
[Site "London ENG"]
[Date "2017.12.02"]
[Round "1.69"]
[White "Newton, Andrew"]
[Black "Derakhshani, Borna"]
[Result "0-1"]
[BlackTitle "FM"]
[WhiteElo "1886"]
[BlackElo "2298"]
[WhiteFideId "2403285"]
[BlackFideId "12518450"]
[EventDate "2017.12.02"]

1. Nf3 d5 2. d4 Nf6 3. c4 e6 4. Nc3 c6 5. Bg5 h6 6. Bxf6 Qxf6 7. e3 Nd7 8. Rc1
Bd6 9. Bd3 dxc4 10. Bxc4 Qe7 11. O-O O-O 12. Qc2 a6 13. Rfe1 b5 14. Bd3 Bb7 15.
Ne4 Rfd8 16. Red1 Rac8 17. Nc5 Nb6 18. b4 Nd5 19. a3 a5 20. e4 Nf4 21. Bf1 axb4
22. g3 b3 23. Qxb3 Ng6 24. Qc3 Bxc5 25. dxc5 Ra8 26. Rxd8+ Qxd8 27. Be2 Qa5 28.
Qxa5 Rxa5 29. Rc3 Kf8 30. h4 Ke7 31. h5 Nf8 32. Ne5 f6 33. Nd3 Ra4 34. Nb4 Nd7
35. f4 Nb8 36. Bf3 e5 37. Kf2 Na6 38. Nxa6 Bxa6 39. Ke3 Bc8 40. Bd1 Rd4 41. Be2
Be6 42. f5 Bc4 43. Bxc4 bxc4 44. a4 Kd7 45. a5 Kc7 46. a6 Kb8 47. Rc2 Ka7 48. g4
Kxa6 49. Rb2 Ka5 50. Rb6 c3 51. Rb3 Rc4 52. Rb1 c2 53. Rc1 Kb4 0-1

[Event "London Classic Open 2017"]
[Site "London ENG"]
[Date "2017.12.02"]
[Round "1.70"]
[White "Vignesh, B"]
[Black "Balaji, Aaravamudhan"]
[Result "1-0"]
[WhiteElo "2287"]
[BlackElo "1884"]
[WhiteFideId "5073600"]
[BlackFideId "436224"]
[EventDate "2017.12.02"]

1. e4 d6 2. d4 Nf6 3. Nc3 g6 4. f4 Bg7 5. Be2 O-O 6. Be3 c6 7. h3 e5 8. Nf3 exf4
9. Bxf4 Re8 10. e5 dxe5 11. Nxe5 Nd5 12. Nxd5 cxd5 13. O-O Be6 14. Bb5 Rf8 15.
c3 Qb6 16. Qb3 a6 17. Be2 Qxb3 18. axb3 Nd7 19. Nd3 Rfe8 20. Bf3 Bf8 21. Bh2 Nf6
22. Rfe1 Ne4 23. c4 Nd2 24. Nf4 Nxf3+ 25. gxf3 Bb4 26. Re2 dxc4 27. Nxe6 Rxe6
28. Rxe6 fxe6 29. bxc4 Rd8 30. Rd1 Bd6 31. Bxd6 Rxd6 32. b3 Kf7 33. Kf2 Kf6 34.
Ke3 Kf5 35. Ra1 Rb6 36. Ra5+ Kf6 37. Ra3 Kf5 38. c5 Rc6 39. b4 b5 40. Ra1 Kf6
41. Ke4 Ke7 42. Ke5 Kf7 43. d5 exd5 44. Kxd5 Rf6 45. c6 Ke7 46. Kc5 Rxf3 47.
Re1+ Kd8 48. Kb6 Rc3 49. Kb7 1-0

[Event "London Classic Open 2017"]
[Site "London ENG"]
[Date "2017.12.02"]
[Round "1.71"]
[White "Sajjadi, Kimiya"]
[Black "Risting, Eivind Olav"]
[Result "0-1"]
[BlackTitle "FM"]
[WhiteElo "1876"]
[BlackElo "2279"]
[WhiteFideId "1516434"]
[BlackFideId "1517333"]
[EventDate "2017.12.02"]

1. d4 Nf6 2. c4 e6 3. Nc3 Bb4 4. Qc2 O-O 5. a3 Bxc3+ 6. Qxc3 d5 7. cxd5 Ne4 8.
Qc2 exd5 9. Bf4 Nc6 10. e3 Qe7 11. Be2 Bf5 12. Qb3 g5 13. Bg3 h5 14. Nf3 h4 15.
Be5 g4 16. Ng1 Nxe5 17. dxe5 Qxe5 18. f3 h3 19. gxh3 g3 0-1

[Event "London Classic Open 2017"]
[Site "London ENG"]
[Date "2017.12.02"]
[Round "1.72"]
[White "Ojas, Kulkarni"]
[Black "Rushbrooke, Remy"]
[Result "1-0"]
[WhiteElo "2278"]
[BlackElo "1864"]
[WhiteFideId "25040073"]
[BlackFideId "443590"]
[EventDate "2017.12.02"]

1. c4 f5 2. g3 Nf6 3. Bg2 e6 4. b3 Be7 5. Bb2 O-O 6. Nf3 d5 7. O-O c6 8. d3 Nbd7
9. Nbd2 Bd6 10. e4 Ng4 11. Qe2 dxe4 12. dxe4 e5 13. exf5 Nc5 14. Rad1 Bxf5 15.
Nh4 Nh6 16. Nxf5 Nxf5 17. Ne4 Nxe4 18. Bxe4 Qf6 19. Bxf5 Bc5 20. Be4 1-0

[Event "London Classic Open 2017"]
[Site "London ENG"]
[Date "2017.12.02"]
[Round "1.73"]
[White "Kim, Changhoon"]
[Black "Perez, Flavio"]
[Result "0-1"]
[WhiteTitle "CM"]
[BlackTitle "FM"]
[WhiteElo "1859"]
[BlackElo "2276"]
[WhiteFideId "34117234"]
[BlackFideId "623911"]
[EventDate "2017.12.02"]

1. Nf3 g6 2. c4 Bg7 3. d4 d6 4. Nc3 Nd7 5. e4 e5 6. Be3 Ngf6 7. Be2 O-O 8. O-O
c6 9. Qc2 Ng4 10. Bg5 Qe8 11. Rad1 f5 12. dxe5 dxe5 13. h3 Nh6 14. b4 a5 15. a3
axb4 16. axb4 Nf6 17. c5 Kh8 18. Qd2 Nhg8 19. exf5 gxf5 20. Bc4 h6 21. Bxf6 Nxf6
22. Qd6 e4 23. Ne5 Kh7 24. f4 Nh5 25. Nd7 Bxd7 26. Qxd7 Rd8 27. Qxb7 Rb8 28. Qd7
Rxb4 29. Be6 Qg6 30. Ne2 Rb2 31. Bc4 Ng3 32. Rd2 Rxd2 33. Qxd2 Nxf1 34. Kxf1 Qf6
35. Kg1 Rd8 36. Qa5 Qa1+ 37. Qxa1 Bxa1 38. Be6 Kg6 39. Ng3 Rf8 40. h4 Bd4+ 41.
Kf1 h5 42. Bd7 Bxc5 43. Bxc6 Be7 44. Ne2 Bxh4 45. g3 Bf6 46. Kf2 Bb2 47. Ke3 Rd8
48. Bb5 Kf6 0-1

[Event "London Classic Open 2017"]
[Site "London ENG"]
[Date "2017.12.02"]
[Round "1.74"]
[White "Lyell, Mark"]
[Black "Clancy, Martin J"]
[Result "1-0"]
[WhiteTitle "FM"]
[WhiteElo "2264"]
[BlackElo "1855"]
[WhiteFideId "402354"]
[BlackFideId "2403404"]
[EventDate "2017.12.02"]

1. e4 c5 2. Nf3 e6 3. c3 Nf6 4. e5 Nd5 5. d4 cxd4 6. cxd4 Nc6 7. Bc4 Bb4+ 8.
Nbd2 Nf4 9. O-O d5 10. exd6 Bxd6 11. Ne4 Bc7 12. Be3 O-O 13. a3 Ne7 14. Qc2 h6
15. Ne5 Ned5 16. Rae1 f6 17. Nd3 Nxd3 18. Qxd3 f5 19. Nc3 Nxc3 20. Qxc3 b5 21.
Bxb5 Bb7 22. Bc4 Qd6 23. Bxe6+ Qxe6 24. Qxc7 Qd5 25. f3 Ba6 26. Rf2 Rae8 27. Qc5
Qb3 28. Qc3 Qb5 29. Bf4 Rc8 30. Qb4 Qd5 31. Qd6 Qb5 32. Re6 Bb7 33. Rfe2 Be4 34.
Re1 Rc2 35. fxe4 Qxb2 36. Rg6 1-0